Real WW1 Quiz - Statistics

General Stats
  • This quiz has been taken 42 times
  • The average score is 11 of 15
Answer Stats
Question Answer % Correct
Whose assassination is generally considered to be the cause of WW1? Archduke Franz Ferdinand
94%
What years did WW1 begin and end? 1914-1918
91%
What treaty officially ended WW1, and is generally considered to be a leading factor to the outbreak of WW2? Treaty of Versailles
91%
Germany, the Ottoman Empire, and what third nation made up the Central Powers during WW1? Austria-Hungary
89%
Who was the Bosnian/Serb nationalist that shot and killed Archduke Franz Ferdinand? Gavrilo Princip
89%
What date is known as Armistice Day, and marked the end of all fighting during WW1? November 11, 1918
86%
What was real name of the German WW1 Ace "The Red Baron"? Manfred von Richthofen
83%
What was the most commonly used gas during WW1? Mustard Gas
77%
Which country withdrew from WW1 in 1917? Russia
77%
What nation declared war on Germany, joining WW1 on April 6, 1917? USA
77%
Which of the following famous people did NOT serve in WW1? Henry Ford
63%
What nation had the highest number of military casualties during WW1? Russia
60%
Which of the following images is Kaiser Wilhelm 2; the leader of Germany during WW1?
51%
From February 21 to December 18, 1916 the deadliest battle of WW1 took place in Northeastern France. What was the name of the battle? Battle of Verdun
43%
The Battle of the Somme was the first time tanks were used in combat, which specific engagement was that? Battle of Flers-Courcelette
34%
No matching quizzes found
Score Distribution
Percent of People with Each Score
Percentile by Number Answered
Your Score History
You have not taken this quiz